| 000 | 01705nam a2200505 i 4500 | ||
|---|---|---|---|
| 001 | 40127 | ||
| 003 | KOSZ 005 | ||
| 005 | 20220606133658.0 | ||
| 008 | 980702s1996 pl |000 0 pol | ||
| 015 | _aUWD 1996/10359 | ||
| 020 | _a8385366865 | ||
| 035 | _a991004214799705066 | ||
| 035 | _a(PL-WaBN)b11117187-48omnis_nlop | ||
| 035 | _ab11117187 | ||
| 035 | _a(OCoLC)749361033 | ||
| 035 | _azz2007867493 | ||
| 035 | _a(PL)b0000001111718 | ||
| 035 | _a(EXLNZ-48OMNIS_NETWORK)9910463832205606 | ||
| 040 |
_aWA N _cWA N _dWA N _dKOSZ 005/HR |
||
| 046 | _k1996 | ||
| 080 | _a005(4) | ||
| 100 | 1 |
_aBloom, Helen _eAutor |
|
| 245 | 1 | 0 |
_aZarządzanie europejskie / _cHelen Bloom, Roland Calori, Philippe de Woot ; tł. [z ang.] Mirosław Jarosiński. |
| 246 | 1 |
_iTyt. oryg.: _aEuromanagement, _f1994 |
|
| 260 |
_aWarszawa : _b"Poltext", _c1996. |
||
| 300 |
_a182 s. ; _c24 cm. |
||
| 336 |
_aTekst _btxt _2rdacontent |
||
| 337 |
_aBez urządzenia pośredniczącego _bn _2rdamedia |
||
| 338 |
_aWolumin _bnc _2rdacarrier |
||
| 380 | _aKsiążki | ||
| 388 | _a1901-2000 | ||
| 388 | _a1989-2000 | ||
| 490 | 1 | _aEuromanagement | |
| 650 | 7 |
_aZarządzanie _2DBN |
|
| 651 | 7 |
_aEuropa _2DBN |
|
| 658 | _aZarządzanie i marketing | ||
| 700 | 1 |
_aJarosiński, Mirosław _c(organizacja i zarządzanie) _eTłumaczenie |
|
| 700 | 1 |
_aWoot, Philippe _cde _eAutor |
|
| 700 | 1 |
_aCalori, Roland _d(19..-2002) _eAutor |
|
| 710 | 2 |
_aWydawnictwo Poltext _4pbl |
|
| 830 | 0 | _aEuromanagement | |
| 856 |
_uhttp://koha.tu.koszalin.pl/cgi-bin/koha/opac-detail.pl?biblionumber=40127 _yKatalog online BPK |
||
| 942 |
_2UKD _cKS |
||
| 999 |
_c40127 _d40127 |
||